Phiên tòa T.2

Guardat en:
Dades bibliogràfiques
Autor principal: Ác đa mát xki,Va xi li
Altres autors: Anh Dũng (Dịch)
Format: Llibre
Publicat: H. Pháp lý 1986
Matèries:
Etiquetes: Afegir etiqueta
Sense etiquetes, Sigues el primer a etiquetar aquest registre!
Thư viện lưu trữ: Trung tâm Học liệu Lê Vũ Hùng, Trường Đại học Đồng Tháp
LEADER 00783pam a22002298a 4500
001 00021090
005 20171026081022.0
008 110521s1986 ||||||Viesd
041 0 # |a Vie 
082 1 4 |a 891.73  |b PH305T 
100 0 # |a Ác đa mát xki,Va xi li 
245 0 0 |a Phiên tòa  |c Va xi li,Ác đa mát xki; Anh Dũng  |n T.2 
260 # # |a H.  |b Pháp lý  |c 1986 
300 # # |a 257 tr.  |c 19 cm. 
650 # 4 |a Văn học hiện đại Liên Xô 
653 # # |a Tiểu thuyết 
700 0 # |a Anh Dũng  |e Dịch 
852 # # |b Kho mượn  |j KM.0010295, KM.0010296 
852 # # |b Kho đọc  |j KD.0006454 
852 # # |j KM.0010296  |j KD.0006454  |j KM.0010295 
910 0 # |a Hoa Lê  |d 21/05/2011 
980 # # |a Trung tâm Học liệu Lê Vũ Hùng, Trường Đại học Đồng Tháp